书目信息 |
| 题名: |
材料结构缺陷与性能
|
|
| 作者: | 顾少轩 主编 | |
| 分册: | ||
| 出版信息: | 武汉 武汉理工大学出版社 2013.11 |
|
| 页数: | 175页 | |
| 开本: | 26cm | |
| 丛书名: | 普通高等学校材料科学与工程学科规划教材 | |
| 单 册: | ||
| 中图分类: | TB303 | |
| 科图分类: | ||
| 主题词: | 工程材料 | |
| 电子资源: | ||
| ISBN: | 978-7-5629-4164-4 | |
| 000 | 00672nam0 2200205 45 | |
| 001 | 2336852931 | |
| 005 | 20230213160944.24 | |
| 010 | @a978-7-5629-4164-4@dCNY 25.00 | |
| 100 | @a20230213d2013 km y0chiy0120 ea | |
| 101 | 0 | @achi |
| 200 | 1 | @a材料结构缺陷与性能@Acai liao jie gou que xian yu xing neng@f顾少轩主编@Fgu shao xuan zhu bian |
| 210 | @a武汉@c武汉理工大学出版社@d2013.11 | |
| 215 | @a175页@d26cm | |
| 225 | 2 | @a普通高等学校材料科学与工程学科规划教材 |
| 410 | 0 | @12001 @a普通高等学校材料科学与工程学科规划教材 |
| 606 | 0 | @a工程材料 |
| 690 | @aTB303@v4 | |
| 701 | 0 | @a顾少轩@Agu shao xuan@4主编 |
| 801 | 0 | @aCN@b河南城建学院图书馆@c20230213 |
| 905 | @dTB303@eG507 | |
| 材料结构缺陷与性能/顾少轩主编.-武汉:武汉理工大学出版社,2013.11 |
| 175页;26cm.-(普通高等学校材料科学与工程学科规划教材) |
| ISBN 978-7-5629-4164-4:CNY 25.00 |
| ● |
| 相关链接 |
|
|
|
正题名:材料结构缺陷与性能
索取号:TB303/G507
 
预约/预借
| 序号 | 登录号 | 条形码 | 馆藏地/架位号 | 状态 | 备注 |
| 1 | 1507837 | 215078378 | 材料与化工学院资料室/ [索取号:TB303/G507] | 在馆 | |
| 2 | 1507838 | 215078387 | 材料与化工学院资料室/ [索取号:TB303/G507] | 在馆 |